000 00431cam a2200145 4500500
005 20251012032628.0
041 _afre
042 _adc
100 1 0 _aSamama, Guy
_eauthor
245 0 0 _aHymne contre les périls de la nuit
260 _c2009.
500 _a99
786 0 _nSigila | 23 | 1 | 2009-06-20 | p. 171-171 | 1286-1715
856 4 1 _uhttps://shs.cairn.info/revue-sigila-2009-1-page-171?lang=fr&redirect-ssocas=7080
999 _c1547919
_d1547919